000 00277nam a22001337a 4500
008 170404b xxu||||| |||| 00| 0 eng d
020 _a9780471558606
041 _aeng
080 _a574
100 _a9
101 _aSHM
245 _aECOLOGY 2
_cCOLINVAUX.P
942 _2udc
_cBK
999 _c9649
_d9649